LEADER 01351nam a2200301 a 4500 001 000000143355 003 CaOOAMICUS 005 20150518125352.0 008 150518s2014 it a u000 u ita r 020 $z9788883870804* 040 $aPUL$bita 082 04$a282.092 245 00$aClemente Riva :$bun grande pastore di anime /$ca cura di Roberto Cutaia. 260 $aStresa :$bEdizioni Rosminiane,$cİ2014. 300 $a166 p. :$bill. ;$c21 cm 490 1 $aAntonio Rosmini, maestro per il terzo millennio. Opere, studi, la scuola ;$v02 504 $aBibliografia in nota. 600 14$aRiva, Clemente,$cvesc. di Atella,$d1922-1999.$0(OLS)http://pul/subject/41731 700 1 $aCutaia, Roberto.$0(OLS)http://pul/name/92137 830 0$aAntonio Rosmini, maestro per il terzo millennio.$pOpere, studi, la scuola ;$v02.$0(OLS)http://pul/title/181399 850 $aPUL 852 $aPUL$W1$xSL Religione 3$y85$m282. 092 RIVCL 1$j165477$qDDC 21$B165742$CPULBib$Z2$F165742 $H125804 $82 941 1 $a9 996 $6020$z9788883870804*$9(OLS)http://pul/number/157551 996 $6082$a282.092$9(OLS)http://pul/classification/402 996 $6245$aClemente Riva :$bun grande pastore di anime$9(OLS)http://pul/title/181398 996 $6260$aStresa :$bEdizioni Rosminiane$9(OLS)http://pul/publisher/64514 LEADER 01206nam a2200277 a 4500 001 000000144084 003 CaOOAMICUS 005 20150615102336.0 008 150615s1973 it b u000 u ita r 040 $aPUL$bita 130 0 $aBiblia.$pN.T.$pIohannes.$lItaliano.$0(OLS)http://pul/title/158599 245 10$aEvangelo secondo Giovanni /$ca cura di Paolo Ricca, Lamberto Barsottelli, Ernesto Balducci. 260 $aMilano :$bA. Mondadori,$c1973. 300 $a261 p. :$bc. geogr. ;$c19 cm 490 1 $aOscar 630 04$aBiblia.$pN.T.$pIohannes$xCritica e interpretazione.$0(OLS)http://pul/subject/37920 700 1 $aRicca, Paolo.$0(OLS)http://pul/name/25701 700 1 $aBarsottelli, Lamberto.$0(OLS)http://pul/name/17956 700 1 $aBalducci, Ernesto,$csac.,$d1922-1992.$0(OLS)http://pul/name/10341 830 0$aOscar Mondadori.$0(OLS)http://pul/title/18338 850 $aPUL 852 $aPUL$W1$xDP1 Fondo S. Lanza$y121$m3 C 5.1$j166169$qFondi$B166667$CPULBib$Z2$F166667 $HLan472 $82 941 1 $a1 996 $6245$aEvangelo secondo Giovanni$9(OLS)http://pul/title/41330 996 $6260$aMilano :$bA. Mondadori$9(OLS)http://pul/publisher/48249